| 000 | 00340nam a2200145Ia 4500 | ||
|---|---|---|---|
| 008 | 230917s9999||||xx |||||||||||||| ||und|| | ||
| 040 |
_e40667 _aMAIN |
||
| 041 | _aEnglish | ||
| 082 | _a823.7 D555B:D | ||
| 100 | _aBrown, Ivor | ||
| 245 | 0 | _aDickens in his time | |
| 260 |
_aLondon _bThomas Nelson _c1965 |
||
| 300 | _a248 p. | ||
| 942 | _cBK | ||
| 999 |
_c61071 _d61071 |
||